[Event "Mundial Juvenil 2005 s14"]
[Site "Belfort FRA"]
[Date "2005.07.26"]
[Round "7.18"]
[White "Arnold, Marc T"]
[Black "Davies, Noam"]
[Result "1-0"]
[WhiteElo "2087"]
[BlackElo "1599"]
[PlyCount "121"]
[EventDate "2005.07.19"]
[EventType "swiss"]
[EventRounds "11"]
[EventCountry "FRA"]
[Source "lmi"]
[SourceDate "2005.07.31"]

1. d4 Nf6 2. c4 g6 3. Nc3 d5 4. Nf3 Bg7 5. cxd5 Nxd5 6. Qb3 Nb6 7. Bg5 Be6 8.
Qc2 O-O 9. e3 Nc6 10. Be2 Nb4 11. Qd2 Nc4 12. Qc1 Nd6 13. O-O Nd5 14. Nb1 f5
15. Bh4 h6 16. Bg3 g5 17. Be5 g4 18. Ne1 f4 19. exf4 Bxe5 20. fxe5 Nf4 21. Qd1
Nxe2+ 22. Qxe2 Nf5 23. Nc2 Nxd4 24. Qe4 Nf5 25. Nc3 h5 26. Rad1 Qe8 27. Nd4
Nxd4 28. Rxd4 Qf7 29. Qe3 Qg6 30. Rfd1 c6 31. Ne2 Qf5 32. b3 Bd5 33. Nf4 e6 34.
Ne2 Rad8 35. Ng3 Qg6 36. Ne4 Kg7 37. Nf6 Rc8 38. Qg3 c5 39. R4d2 Rcd8 40. Qe3
b6 41. Rd3 Qf5 42. Qe1 Rxf6 43. exf6+ Qxf6 44. Qe3 Rf8 45. Re1 Kh7 46. Rd2 Qf5
47. Qe5 Kg6 48. Qe3 h4 49. Qd3 h3 50. Qxf5+ Kxf5 51. gxh3 gxh3 52. Re3 Rg8+ 53.
Rg3 Rxg3+ 54. fxg3 b5 55. Kf2 c4 56. bxc4 Bxc4 57. Ke3 e5 58. Rf2+ Ke6 59. g4
a5 60. g5 b4 61. g6 1-0

[Event "Mundial Juvenil 2005 s14"]
[Site "Belfort FRA"]
[Date "2005.07.26"]
[Round "7.20"]
[White "Thomas, Jac"]
[Black "Recuero Guerra, David"]
[Result "0-1"]
[WhiteElo "2014"]
[BlackElo "2261"]
[PlyCount "126"]
[EventDate "2005.07.19"]
[EventType "swiss"]
[EventRounds "11"]
[EventCountry "FRA"]
[Source "lmi"]
[SourceDate "2005.07.31"]

1. e4 c5 2. d4 cxd4 3. c3 dxc3 4. Nxc3 Nc6 5. Bc4 d6 6. Nf3 a6 7. O-O Nf6 8.
Qe2 Bg4 9. h3 Bxf3 10. Qxf3 e6 11. Rd1 Be7 12. Qg3 O-O 13. Be2 Qa5 14. Bf4 Ne5
15. a3 Rfd8 16. b4 Qc7 17. Rac1 Qb8 18. Bxe5 dxe5 19. Rxd8+ Bxd8 20. Qd3 Bb6
21. Rd1 Qa7 22. Qf3 Rc8 23. Kf1 h6 24. Na2 Bd4 25. Bd3 a5 26. Bb1 Ne8 27. Rd2
Nd6 28. Qd3 f5 29. Qb3 Qa6+ 30. Re2 Nxe4 31. Bd3 Qb6 32. Bxe4 fxe4 33. Rxe4 a4
34. Qxa4 Bxf2 35. Qa5 Qxa5 36. bxa5 Bd4 37. Nb4 Rc3 38. a6 bxa6 39. Nxa6 Rxa3
40. Nc7 Kf7 41. Nb5 Ra1+ 42. Ke2 Ra2+ 43. Kf3 Rf2+ 44. Kg3 Rd2 45. Kf3 Kf6 46.
Nc7 Rf2+ 47. Kg3 Rc2 48. Ne8+ Kf5 49. Rg4 g5 50. Nd6+ Kg6 51. Re4 Rc3+ 52. Kh2
Bf2 53. Rg4 Bd4 54. Nb5 Rd3 55. Nc7 h5 56. Re4 Kf5 57. Re1 e4 58. Ne8 Be5+ 59.
Kg1 Rd8 60. Rf1+ Kg6 61. Rf8 e3 62. Kf1 Rd2 63. Rf3 Rf2+ 0-1

[Event "Mundial Juvenil 2005 s14"]
[Site "Belfort FRA"]
[Date "2005.07.27"]
[Round "8.2"]
[White "Boychev, Mariyan"]
[Black "Cordova, Emilio"]
[Result "1-0"]
[WhiteElo "2240"]
[BlackElo "2422"]
[PlyCount "112"]
[EventDate "2005.07.19"]
[EventType "swiss"]
[EventRounds "11"]
[EventCountry "FRA"]
[Source "lmi"]
[SourceDate "2005.07.31"]

1. d4 Nf6 2. c4 e6 3. Nf3 b6 4. g3 Ba6 5. b3 Bb4+ 6. Bd2 Be7 7. Bg2 c6 8. Bc3
d5 9. Nbd2 Nbd7 10. O-O O-O 11. Re1 c5 12. e4 dxc4 13. Nxc4 Bb7 14. e5 Nd5 15.
Bb2 b5 16. Ne3 N7b6 17. dxc5 Bxc5 18. Nxd5 Bxd5 19. Qe2 b4 20. Rac1 Qe7 21. Rc2
Rfc8 22. Rec1 Qf8 23. Qb5 Be7 24. Nd4 Rxc2 25. Rxc2 Bxg2 26. Kxg2 Qb8 27. Nc6
Qb7 28. Kh3 Bf8 29. Bd4 Qd7 30. Bxb6 axb6 31. Qxb6 Qd1 32. Qb7 Re8 33. Rc4 Qf1+
34. Kg4 f5+ 35. exf6 gxf6 36. Qd7 h5+ 37. Kf3 Qh1+ 38. Ke2 Ra8 39. Qxe6+ Kg7
40. Nxb4 Ra7 41. Na6 Qb1 42. Kf3 Qh1+ 43. Kf4 Qd1 44. Rc6 Qd4+ 45. Kf3 Re7 46.
Qc4 Qd1+ 47. Kg2 Re1 48. Nc7 Bd6 49. Ne6+ Kh6 50. Nd8 Be7 51. Ne6 Bd6 52. Rc8
Kh7 53. Ng5+ Kg6 54. Rg8+ Kf5 55. Qb4 Bxg3 56. hxg3 Qd8 1-0

[Event "Mundial Juvenil 2005 s14"]
[Site "Belfort FRA"]
[Date "2005.07.27"]
[Round "8.3"]
[White "Pap, Gyula"]
[Black "Leniart, Arkadiusz"]
[Result "1-0"]
[WhiteElo "2384"]
[BlackElo "2269"]
[PlyCount "105"]
[EventDate "2005.07.19"]
[EventType "swiss"]
[EventRounds "11"]
[EventCountry "FRA"]
[Source "lmi"]
[SourceDate "2005.07.31"]

1. d4 d5 2. c4 e6 3. Nc3 Be7 4. cxd5 exd5 5. Bf4 c6 6. e3 Bd6 7. Bg3 Ne7 8. Bd3
Bf5 9. Nge2 O-O 10. O-O Bxd3 11. Qxd3 Nc8 12. f3 f5 13. e4 f4 14. Be1 Nb6 15.
e5 Be7 16. Bd2 g5 17. g3 Nc4 18. b3 Nxd2 19. Qxd2 Kh8 20. gxf4 gxf4 21. Kh1 Na6
22. Rg1 Bg5 23. Na4 Rf5 24. b4 Bh6 25. Rg4 Qe7 26. Rf1 Nc7 27. Nc5 Ne6 28. Nxe6
Qxe6 29. Rfg1 Raf8 30. Nc3 b6 31. Na4 Qe8 32. Qc2 Qe6 33. Qg2 Qe8 34. Rg7 R5f7
35. Rxf7 Rxf7 36. Qh3 Qf8 37. Qe6 Rg7 38. Rxg7 Bxg7 39. a3 a5 40. Nxb6 axb4 41.
Nd7 Qa8 42. axb4 h6 43. Nf6 Qf8 44. Qxc6 Qxb4 45. Qc8+ Bf8 46. Qc2 Qb7 47. Qg6
Qg7 48. Qxg7+ Kxg7 49. Nxd5 Ba3 50. Nxf4 Bb2 51. Ne2 Kg6 52. Kg2 Kf5 53. Kf2
1-0

[Event "Mundial Juvenil 2005 s14"]
[Site "Belfort FRA"]
[Date "2005.07.27"]
[Round "8.4"]
[White "Chirila, Ioan Cristian"]
[Black "Benidze, David"]
[Result "1-0"]
[WhiteElo "2350"]
[BlackElo "2243"]
[PlyCount "52"]
[EventDate "2005.07.19"]
[EventType "swiss"]
[EventRounds "11"]
[EventCountry "FRA"]
[Source "lmi"]
[SourceDate "2005.07.31"]

1. e4 c5 2. Nf3 d6 3. d4 cxd4 4. Nxd4 Nf6 5. Nc3 a6 6. Bg5 h6 7. Bxf6 gxf6 8.
Be2 Nc6 9. Bh5 Bd7 10. Nf5 Ne5 11. f4 Ng6 12. Bxg6 fxg6 13. Nh4 Kf7 14. f5 g5
15. Ng6 Rg8 16. Qh5 Kg7 17. O-O-O Be8 18. h4 Kh7 19. hxg5 Rxg6 20. fxg6+ Bxg6
21. Qg4 fxg5 22. Qxg5 Bg7 23. Nd5 e6 24. Ne7 Bf7 25. Rdf1 Qe8 26. Rf6 h5 1-0

[Event "Mundial Juvenil 2005 s14"]
[Site "Belfort FRA"]
[Date "2005.07.27"]
[Round "8.5"]
[White "Feller, Sebastien"]
[Black "Sandeep, Y."]
[Result "0-1"]
[WhiteElo "2282"]
[BlackElo "2189"]
[PlyCount "82"]
[EventDate "2005.07.19"]
[EventType "swiss"]
[EventRounds "11"]
[EventCountry "FRA"]
[Source "lmi"]
[SourceDate "2005.07.31"]

1. d4 Nf6 2. c4 g6 3. Nc3 d5 4. cxd5 Nxd5 5. Bd2 Bg7 6. e4 Nb6 7. Be3 O-O 8.
Bb5 c6 9. Be2 e5 10. Nf3 N8d7 11. O-O Re8 12. Re1 Qe7 13. Bf1 exd4 14. Bxd4 Nf6
15. h3 Be6 16. Qc1 Rad8 17. e5 Nfd5 18. Ne4 Rb8 19. Bc5 Qd7 20. Bd6 Rbd8 21.
Nc5 Qc8 22. Ng5 Bf5 23. f4 Rxd6 24. exd6 Rxe1 25. Qxe1 Bd4+ 26. Kh1 Bxc5 27.
Qh4 Nf6 28. Re1 Bxd6 29. g4 Bd7 30. f5 c5 31. Bd3 gxf5 32. Qh6 Nbd5 33. Bxf5
Bxf5 34. gxf5 Bf8 35. Qh4 Qc6 36. Rg1 Ne3+ 37. Ne4+ Bg7 38. Rxg7+ Kxg7 39. Qg3+
Kf8 40. Qb8+ Kg7 41. Qg3+ Neg4 0-1

[Event "Mundial Juvenil 2005 s14"]
[Site "Belfort FRA"]
[Date "2005.07.27"]
[Round "8.7"]
[White "Ju, Evan D"]
[Black "Salgado Lopez, Ivan"]
[Result "0-1"]
[WhiteElo "2149"]
[BlackElo "2340"]
[PlyCount "116"]
[EventDate "2005.07.19"]
[EventType "swiss"]
[EventRounds "11"]
[EventCountry "FRA"]
[Source "lmi"]
[SourceDate "2005.07.31"]

1. e4 c5 2. Nf3 d6 3. d4 cxd4 4. Nxd4 Nf6 5. Nc3 a6 6. a4 e5 7. Nf3 Be7 8. Bc4
O-O 9. O-O h6 10. Be3 Be6 11. Bxe6 fxe6 12. Qe2 Nc6 13. Rfd1 Ng4 14. Bc1 Rc8
15. h3 Nf6 16. Be3 Qe8 17. g3 Qg6 18. Nh4 Qh7 19. Qc4 d5 20. exd5 Nb4 21. Qb3
exd5 22. Nxd5 Nbxd5 23. Rxd5 Nxd5 24. Qxd5+ Kh8 25. Nf3 Qxc2 26. Nxe5 Kh7 27.
Rc1 Qf5 28. Rxc8 Rxc8 29. g4 Qb1+ 30. Kg2 Rc7 31. Nd3 Qc2 32. Bxh6 Qc6 33. Qxc6
Rxc6 34. Be3 Rc4 35. a5 Bd8 36. b4 Be7 37. Kf3 Bxb4 38. Nxb4 Rxb4 39. h4 b5 40.
axb6 a5 41. Ke2 a4 42. Kd3 a3 43. Bc5 a2 44. Bxb4 a1=Q 45. Kc4 Qa8 46. Kc5 Qb7
47. Bc3 Qc8+ 48. Kd6 Qxc3 49. b7 Qb4+ 50. Kc7 Qc5+ 51. Kd7 Qb5+ 52. Kc8 Qc6+
53. Kb8 Kg6 54. f4 Kf6 55. h5 Ke6 56. g5 Kd7 57. h6 Qa6 58. hxg7 Kc6 0-1

[Event "Mundial Juvenil 2005 s14"]
[Site "Belfort FRA"]
[Date "2005.07.27"]
[Round "8.8"]
[White "Martinovic, Sasa"]
[Black "Rozum, Ivan"]
[Result "1/2-1/2"]
[WhiteElo "2139"]
[BlackElo "2297"]
[PlyCount "40"]
[EventDate "2005.07.19"]
[EventType "swiss"]
[EventRounds "11"]
[EventCountry "FRA"]
[Source "lmi"]
[SourceDate "2005.07.31"]

1. d4 Nf6 2. Bg5 Ne4 3. Bf4 d6 4. f3 Nf6 5. e4 Nbd7 6. Be3 g6 7. c4 Bg7 8. Nc3
O-O 9. Bd3 e5 10. Nge2 exd4 11. Nxd4 c6 12. O-O d5 13. cxd5 cxd5 14. exd5 Nb6
15. d6 Nfd5 16. Nxd5 Nxd5 17. Bf2 Qxd6 18. Nb5 Qb4 19. Qb3 Qxb3 20. axb3 Bxb2
1/2-1/2

[Event "Mundial Juvenil 2005 s14"]
[Site "Belfort FRA"]
[Date "2005.07.27"]
[Round "8.9"]
[White "Pavlidis, Anastasios"]
[Black "Hess, Robert L"]
[Result "0-1"]
[WhiteElo "2127"]
[BlackElo "2278"]
[PlyCount "114"]
[EventDate "2005.07.19"]
[EventType "swiss"]
[EventRounds "11"]
[EventCountry "FRA"]
[Source "lmi"]
[SourceDate "2005.07.31"]

1. d4 g6 2. c4 Bg7 3. e4 d6 4. Be2 Nc6 5. Be3 e5 6. Nf3 Bg4 7. d5 Bxf3 8. Bxf3
Nd4 9. Nc3 Ne7 10. O-O c5 11. dxc6 bxc6 12. Bxd4 exd4 13. Ne2 Qb6 14. Qc2 O-O
15. Nf4 Rab8 16. Nd3 c5 17. Rfb1 Nc6 18. Bd1 Rfe8 19. f3 Nb4 20. Nxb4 Qxb4 21.
Be2 d3 22. Bxd3 Bxb2 23. a3 Qb3 24. Qxb3 Rxb3 25. Bc2 Bd4+ 26. Kf1 Rc3 27. Ra2
Rxc4 28. Rb7 a5 29. Ra7 Rb8 30. Rxa5 Bb2 31. Bd3 Rc1+ 32. Kf2 c4 33. Be2 Rc2
34. Kf1 c3 35. Rd5 Rb3 36. Rxd6 Rxe2 37. Kxe2 c2 38. Rc6 c1=Q 39. Rxc1 Bxc1 40.
a4 Bf4 41. a5 Bxh2 42. a6 Rb8 43. a7 Ra8 44. Kd3 Bg1 45. Ra1 Bxa7 46. Ke2 h5
47. f4 Kf8 48. Kf3 Ke7 49. g4 h4 50. g5 h3 51. Ra2 Kd6 52. Rd2+ Kc6 53. Kg3 Rh8
54. Rc2+ Kd7 55. Kh2 Be3 56. f5 Bf4+ 57. Kh1 Ra8 0-1

[Event "Mundial Juvenil 2005 s14"]
[Site "Belfort FRA"]
[Date "2005.07.27"]
[Round "8.10"]
[White "Zhao, Nan"]
[Black "Espinosa Aranda, Angel"]
[Result "1-0"]
[WhiteElo "2276"]
[BlackElo "2108"]
[PlyCount "92"]
[EventDate "2005.07.19"]
[EventType "swiss"]
[EventRounds "11"]
[EventCountry "FRA"]
[Source "lmi"]
[SourceDate "2005.07.31"]

1. e4 c5 2. Nf3 d6 3. d4 cxd4 4. Nxd4 Nf6 5. Nc3 Nc6 6. Bg5 e6 7. Qd2 a6 8.
O-O-O h6 9. Bh4 Nxe4 10. Qf4 Ng5 11. Nxc6 bxc6 12. Qa4 Qc7 13. f4 Nh7 14. f5
Bd7 15. fxe6 fxe6 16. Bd3 Nf6 17. Rhf1 Be7 18. Ne4 Nxe4 19. Qxe4 g5 20. Qg6+
Kd8 21. Qg7 Re8 22. Bg3 Qa5 23. Bg6 Qxa2 24. Bxe8 Qa1+ 25. Kd2 Qa5+ 26. Qc3
Qxc3+ 27. Kxc3 Bxe8 28. Bxd6 Bxd6 29. Rxd6+ Ke7 30. Rd3 Bg6 31. Rd4 Rb8 32. Ra1
Rb5 33. Rxa6 Rc5+ 34. Rc4 Rxc4+ 35. Kxc4 Bxc2 36. Rxc6 Be4 37. Rc8 Kf7 38. g3
Kg6 39. b4 h5 40. b5 h4 41. b6 hxg3 42. hxg3 Kf5 43. Rc7 Kg4 44. Kd4 Bd5 45. b7
Bxb7 46. Rxb7 Kxg3 1-0

[Event "Mundial Juvenil 2005 s14"]
[Site "Belfort FRA"]
[Date "2005.07.27"]
[Round "8.11"]
[White "Roganovic, Milos"]
[Black "Arnold, Marc T"]
[Result "0-1"]
[WhiteElo "2228"]
[BlackElo "2087"]
[PlyCount "79"]
[EventDate "2005.07.19"]
[EventType "swiss"]
[EventRounds "11"]
[EventCountry "FRA"]
[Source "lmi"]
[SourceDate "2005.07.31"]

1. e4 c5 2. Nf3 d6 3. Bb5+ Bd7 4. Bxd7+ Nxd7 5. d4 cxd4 6. Qxd4 Ngf6 7. Nc3 a6
8. Bg5 e6 9. O-O-O Qb6 10. Qxb6 Nxb6 11. Bf4 Nc8 12. a4 Be7 13. a5 O-O 14. Rd3
Ne8 15. g4 Na7 16. Nd2 Rc8 17. Na4 Nc6 18. Nb6 Rd8 19. Ndc4 Nf6 20. Bxd6 Bxd6
21. Rxd6 Nxe4 22. Rxd8 Rxd8 23. f3 Nc5 24. Rd1 Rxd1+ 25. Kxd1 Kf8 26. Kd2 Ke7
27. Kc3 Nd7 28. Nc8+ Kf8 29. b4 Nf6 30. N4d6 Nd5+ 31. Kb3 Nd4+ 32. Kc4 Nxc2 33.
b5 Ne1 34. Nxb7 axb5+ 35. Kxb5 Nxf3 36. Kc5 Nc7 37. Kd6 Na6 38. Kc6 e5 39. Ncd6
Ke7 40. Nf5+ 0-1

[Event "Mundial Juvenil 2005 s14"]
[Site "Belfort FRA"]
[Date "2005.07.27"]
[Round "8.12"]
[White "Recuero Guerra, David"]
[Black "Hansen-Cherstiouk, Alexei"]
[Result "1-0"]
[WhiteElo "2261"]
[BlackElo "2019"]
[PlyCount "67"]
[EventDate "2005.07.19"]
[EventType "swiss"]
[EventRounds "11"]
[EventCountry "FRA"]
[Source "lmi"]
[SourceDate "2005.07.31"]

1. e4 c5 2. Nf3 e6 3. d4 cxd4 4. Nxd4 a6 5. c4 Nf6 6. Nc3 Bb4 7. Qc2 Nc6 8.
Nxc6 dxc6 9. e5 Ng4 10. a3 Bxc3+ 11. Qxc3 Qc7 12. f4 O-O 13. h3 Nh6 14. Be3 c5
15. g4 Rd8 16. Bd3 b6 17. O-O-O Bb7 18. Rhg1 Qe7 19. Qe1 Rd7 20. Bf2 b5 21. Bh4
Qe8 22. Qd2 Rd4 23. Bf2 Rdd8 24. Qc2 Kh8 25. cxb5 c4 26. Be4 Qxb5 27. Bxb7 Qxb7
28. Rxd8+ Rxd8 29. Qxc4 Qf3 30. Bb6 Rd5 31. h4 Rb5 32. Rd1 Rxb6 33. Qc8+ Ng8
34. Qxg8+ 1-0

[Event "Mundial Juvenil 2005 s14"]
[Site "Belfort FRA"]
[Date "2005.07.27"]
[Round "8.14"]
[White "Utegaliev, A."]
[Black "Shyam, Nikil P"]
[Result "1/2-1/2"]
[WhiteElo "2249"]
[BlackElo "1962"]
[PlyCount "108"]
[EventDate "2005.07.19"]
[EventType "swiss"]
[EventRounds "11"]
[EventCountry "FRA"]
[Source "lmi"]
[SourceDate "2005.07.31"]

1. d4 c5 2. d5 Nf6 3. c4 b5 4. cxb5 a6 5. bxa6 Bxa6 6. Nc3 d6 7. g3 g6 8. Bg2
Bg7 9. Nf3 Nbd7 10. O-O O-O 11. Rb1 Qc7 12. Qc2 Rfb8 13. b3 Ra7 14. a4 Rab7 15.
Ba3 Qa5 16. Rfc1 Ng4 17. e3 Nge5 18. Ne1 h6 19. h3 f5 20. f4 Nf7 21. Nf3 Bxc3
22. Qxc3 Qxc3 23. Rxc3 Nb6 24. Rd1 Be2 25. Rd2 Ba6 26. Nh4 Nh8 27. g4 fxg4 28.
hxg4 Nd7 29. Rb2 Nb6 30. Be4 Kf7 31. Rd2 Nd7 32. Bc2 Nf6 33. g5 hxg5 34. fxg5
Ng4 35. Nf3 Ra7 36. Rg2 Bc8 37. e4 Kg7 38. e5 Nxe5 39. Nxe5 dxe5 40. Bxc5 Rc7
41. Bd4 Rxc3 42. Bxe5+ Kg8 43. Bxc3 Nf7 44. b4 Bb7 45. Bxg6 Bxd5 46. Rh2 Rc8
47. Bb2 Rc4 48. Bh7+ Kf8 49. g6 Nd6 50. g7+ Ke8 51. Rd2 Rg4+ 52. Kf1 Bc4+ 53.
Kf2 Bf7 54. Rd4 Rxg7 1/2-1/2

[Event "Mundial Juvenil 2005 s14"]
[Site "Belfort FRA"]
[Date "2005.07.27"]
[Round "8.15"]
[White "Kruglyakov, Pavlo"]
[Black "Hawrami, Dana"]
[Result "1-0"]
[WhiteElo "2242"]
[BlackElo "2075"]
[PlyCount "133"]
[EventDate "2005.07.19"]
[EventType "swiss"]
[EventRounds "11"]
[EventCountry "FRA"]
[Source "lmi"]
[SourceDate "2005.07.31"]

1. c4 Nf6 2. Nc3 g6 3. Nf3 Bg7 4. g3 O-O 5. Bg2 d6 6. d4 Nc6 7. O-O e5 8. d5
Ne7 9. e4 h6 10. Ne1 Nd7 11. Nd3 Kh7 12. a3 f5 13. b4 Nf6 14. Bd2 fxe4 15. Nxe4
Nxe4 16. Bxe4 Bf5 17. f3 Ng8 18. Nf2 Nf6 19. Bxf5 gxf5 20. Qc2 Nd7 21. Rae1 Kh8
22. f4 Qf6 23. Bc3 Qg6 24. fxe5 Nxe5 25. Nh3 Rf7 26. Nf4 Qg4 27. Kh1 Kg8 28.
Re2 Rc8 29. Qa2 Ng6 30. Bxg7 Nxf4 31. Rxf4 Qxg7 32. Qb1 Rcf8 33. Qd3 b6 34. Kg2
Qg5 35. Re6 Rf6 36. Re2 R8f7 37. Qf3 Rg6 38. Rf2 Kh7 39. h3 Rgf6 40. Kh2 Kg7
41. Qc3 Kh7 42. Qf3 Rf8 43. Qd3 Kh8 44. Qf1 Kh7 45. R2f3 Kg7 46. Qa1 Kg8 47.
Qb2 R6f7 48. Qc2 Kh8 49. g4 Qg7 50. Rxf5 Rxf5 51. Rxf5 Rxf5 52. Qxf5 Qb2+ 53.
Kg3 Qc3+ 54. Kh4 Qxc4 55. Kh5 Qc3 56. Qf8+ Kh7 57. Qf7+ Kh8 58. Kg6 Qd3+ 59.
Qf5 Qxf5+ 60. gxf5 Kg8 61. Kxh6 Kf7 62. Kg5 a5 63. bxa5 bxa5 64. a4 Ke7 65. Kg6
c6 66. f6+ Ke8 67. dxc6 1-0

[Event "Mundial Juvenil 2005 s14"]
[Site "Belfort FRA"]
[Date "2005.07.27"]
[Round "8.16"]
[White "Mammadov, Ayaz"]
[Black "Pereira, Ruben Miguel Nunes"]
[Result "1-0"]
[WhiteElo "2037"]
[BlackElo "2239"]
[PlyCount "318"]
[EventDate "2005.07.19"]
[EventType "swiss"]
[EventRounds "11"]
[EventCountry "FRA"]
[Source "lmi"]
[SourceDate "2005.07.31"]

1. e4 c5 2. Nf3 d6 3. d4 cxd4 4. Nxd4 Nf6 5. Nc3 a6 6. Bg5 e6 7. f4 Be7 8. Qf3
Qc7 9. O-O-O Nbd7 10. g4 b5 11. Bxf6 Nxf6 12. g5 Nd7 13. f5 Bxg5+ 14. Kb1 Ne5
15. Qh5 Qe7 16. Nxe6 Bxe6 17. fxe6 g6 18. exf7+ Kxf7 19. Qh3 Kg7 20. Nd5 Qd8
21. Be2 Rb8 22. Rhf1 a5 23. Nc3 b4 24. Nb5 Be7 25. Nd4 Qd7 26. Qxd7 Nxd7 27.
Nc6 Rbe8 28. Nxa5 Ne5 29. Nb7 Nf7 30. Bc4 Rhf8 31. Bxf7 Rxf7 32. Rxf7+ Kxf7 33.
Nxd6+ Bxd6 34. Rxd6 Rxe4 35. b3 h5 36. Kb2 h4 37. Rd2 g5 38. c3 h3 39. cxb4 Rg4
40. b5 Rg2 41. Kc3 Rxd2 42. Kxd2 g4 43. b6 g3 44. hxg3 h2 45. b7 h1=Q 46. b8=Q
Qg2+ 47. Kc3 Qxa2 48. Qf4+ Kg6 49. g4 Qa1+ 50. Kb4 Qe1+ 51. Kc5 Qa5+ 52. Kc4
Qa6+ 53. Kb4 Qb6+ 54. Ka3 Qa6+ 55. Qa4 Qd6+ 56. Qb4 Qa6+ 57. Kb2 Qe2+ 58. Kc3
Qf3+ 59. Kb2 Qe2+ 60. Ka3 Qa6+ 61. Qa4 Qd6+ 62. b4 Kg5 63. Qc2 Kxg4 64. Qc4+
Kf5 65. Ka4 Qd1+ 66. Kb5 Kg5 67. Kc6 Qe1 68. b5 Qe8+ 69. Kc7 Qe5+ 70. Kb7 Qe7+
71. Kb6 Qd6+ 72. Qc6 Qd8+ 73. Qc7 Qd3 74. Qe7+ Kh5 75. Qe5+ Kh4 76. Kc6 Qf3+
77. Qd5 Qc3+ 78. Kd7 Qg7+ 79. Kc8 Qg4+ 80. Kd8 Qb4 81. Qh1+ Kg5 82. Qc6 Qf8+
83. Kc7 Qe7+ 84. Kc8 Qf8+ 85. Kb7 Qe7+ 86. Qc7 Qe4+ 87. Ka6 Qa4+ 88. Kb6 Qe4
89. Qc5+ Kh4 90. Ka7 Qh7+ 91. Kb8 Qh8+ 92. Kc7 Qg7+ 93. Kd8 Qg8+ 94. Kd7 Qg4+
95. Kd6 Qg6+ 96. Kd5 Qf5+ 97. Kd4 Qf2+ 98. Kc4 Qe2+ 99. Kb4 Qb2+ 100. Ka4 Qa1+
101. Qa3 Qd1+ 102. Kb4 Qd6+ 103. Ka4 Qd7 104. Qb4+ Kh3 105. Ka3 Qa7+ 106. Kb3
Qb6 107. Qc3+ Kh4 108. Qc4+ Kh5 109. Kb4 Qf6 110. Qc5+ Kh4 111. b6 Qb2+ 112.
Ka5 Qa1+ 113. Kb5 Qg7 114. Qf2+ Kh3 115. Qf5+ Kh2 116. Qc2+ Kg1 117. Qd1+ Kf2
118. Qd2+ Kf1 119. Qd1+ Kf2 120. Qc2+ Kg1 121. Qb1+ Kh2 122. Ka6 Qf6 123. Ka7
Qd4 124. Qb5 Kg1 125. Qc6 Qe3 126. Kb8 Qe5+ 127. Qc7 Qe8+ 128. Qc8 Qe5+ 129.
Ka7 Qd4 130. Qc1+ Kf2 131. Qc2+ Kg1 132. Ka6 Qd6 133. Qc3 Qe6 134. Kb5 Qe8+
135. Kb4 Qe4+ 136. Qc4 Qe1+ 137. Kb5 Qe8+ 138. Ka5 Qe5+ 139. Ka6 Qd6 140. Qc3
Qe6 141. Qc1+ Kf2 142. Qc2+ Kg1 143. Ka7 Qe3 144. Qg6+ Kf2 145. Qd6 Kg1 146.
Ka8 Qe8+ 147. Qb8 Qa4+ 148. Qa7 Qe8+ 149. Qb8 Qa4+ 150. Kb7 Qd7+ 151. Qc7 Qd5+
152. Ka7 Qd4 153. Qg3+ Kf1 154. Qa3 Kg1 155. Qa6 Qd7+ 156. b7 Kh1 157. Qa5 Kg2
158. Qb4 Kh1 159. Qc4 Kg2 1-0

[Event "Mundial Juvenil 2005 s14"]
[Site "Belfort FRA"]
[Date "2005.07.27"]
[Round "8.17"]
[White "Tvarijonas, Povilas"]
[Black "Holvason, Juri"]
[Result "1-0"]
[WhiteElo "2174"]
[BlackElo "1599"]
[PlyCount "63"]
[EventDate "2005.07.19"]
[EventType "swiss"]
[EventRounds "11"]
[EventCountry "FRA"]
[Source "lmi"]
[SourceDate "2005.07.31"]

1. e4 c5 2. Nf3 Nc6 3. d4 cxd4 4. Nxd4 Nf6 5. Nc3 e5 6. Ndb5 d6 7. Bg5 a6 8.
Na3 b5 9. Nd5 Qa5+ 10. Bd2 Qd8 11. Bg5 Qa5+ 12. Bd2 Qd8 13. c4 Nxe4 14. cxb5
Nd4 15. Rc1 Ne6 16. b6 Be7 17. Qa4+ Kf8 18. Qxe4 Bb7 19. Bc4 Rc8 20. O-O h5 21.
Qd3 Rc5 22. Qe2 f5 23. Nxe7 Qxe7 24. b4 Rc6 25. Bxe6 Rxc1 26. Rxc1 Qxe6 27. Nc4
h4 28. f3 h3 29. Na5 d5 30. Nxb7 Qxb6+ 31. Nc5 hxg2 32. Qxe5 1-0

[Event "Mundial Juvenil 2005 s14"]
[Site "Belfort FRA"]
[Date "2005.07.27"]
[Round "8.18"]
[White "Alza, Agustin"]
[Black "Krivec, Sandi"]
[Result "1/2-1/2"]
[WhiteElo "2167"]
[BlackElo "1599"]
[PlyCount "104"]
[EventDate "2005.07.19"]
[EventType "swiss"]
[EventRounds "11"]
[EventCountry "FRA"]
[Source "lmi"]
[SourceDate "2005.07.31"]

1. d4 d5 2. c4 e6 3. Nf3 Nf6 4. g3 Be7 5. Bg2 O-O 6. O-O Nbd7 7. Qc2 c6 8. Rd1
Nb6 9. b3 Ne4 10. Ba3 f5 11. Bxe7 Qxe7 12. Ne5 Nd7 13. Nd2 Nxd2 14. Rxd2 Nxe5
15. dxe5 g5 16. Qc3 h5 17. f4 g4 18. Rd3 Rf7 19. Kf2 Rh7 20. Rh1 Bd7 21. h3
Qc5+ 22. Qd4 Qxd4+ 23. Rxd4 Kg7 24. Rdd1 Rhh8 25. Ke3 Kf7 26. Kd4 Ke7 27. Kc5
Rag8 28. b4 Rc8 29. Kd4 b6 30. Kd3 Rcg8 31. Ke3 Rc8 32. Rc1 Rhf8 33. hxg4 hxg4
34. b5 dxc4 35. Rh7+ Rf7 36. Rxf7+ Kxf7 37. bxc6 Bxc6 38. Rxc4 Bb7 39. Rxc8
Bxc8 40. Kd4 Ke7 41. e4 Bb7 42. Ke3 Kd7 43. Kf2 fxe4 44. Ke3 Bd5 45. a3 Bb3 46.
Bxe4 Bd1 47. Kd2 Bb3 48. f5 exf5 49. Bxf5+ Be6 50. Be4 b5 51. Kc3 a5 52. Bg2
Kc7 1/2-1/2

[Event "Mundial Juvenil 2005 s14"]
[Site "Belfort FRA"]
[Date "2005.07.27"]
[Round "8.19"]
[White "Lehmann, Marco"]
[Black "Baudson, Charles"]
[Result "1-0"]
[WhiteElo "2103"]
[BlackElo "2022"]
[PlyCount "41"]
[EventDate "2005.07.19"]
[EventType "swiss"]
[EventRounds "11"]
[EventCountry "FRA"]
[Source "lmi"]
[SourceDate "2005.07.31"]

1. d4 Nf6 2. Nf3 d5 3. g3 Bg4 4. Bg2 c6 5. O-O Nbd7 6. c4 e6 7. b3 Bd6 8. Bb2
O-O 9. Ne5 Bf5 10. Nd2 Ng4 11. e4 Bxe5 12. exf5 Bxg3 13. Qxg4 Bc7 14. Nf3 Nf6
15. Qh4 dxc4 16. bxc4 exf5 17. Rad1 h6 18. d5 c5 19. Bxf6 gxf6 20. Qxh6 f4 21.
Kh1 1-0

[Event "Mundial Juvenil 2005 s14"]
[Site "Belfort FRA"]
[Date "2005.07.27"]
[Round "8.20"]
[White "Delivre, Raphael"]
[Black "Kaminski, Viktor"]
[Result "1-0"]
[WhiteElo "2037"]
[BlackElo "2098"]
[PlyCount "39"]
[EventDate "2005.07.19"]
[EventType "swiss"]
[EventRounds "11"]
[EventCountry "FRA"]
[Source "lmi"]
[SourceDate "2005.07.31"]

1. e4 c5 2. Nf3 Nc6 3. d4 cxd4 4. Nxd4 Nf6 5. Nc3 g6 6. Nxc6 bxc6 7. e5 Ng8 8.
Be3 Bg7 9. f4 f6 10. e6 d6 11. f5 Qa5 12. Bd3 Nh6 13. Qf3 d5 14. O-O-O Nxf5 15.
Bxf5 gxf5 16. Qxf5 Kf8 17. Nxd5 cxd5 18. Rxd5 Qc7 19. Rhd1 Bb7 20. Qh5 1-0

[Event "Mundial Juvenil 2005 s14"]
[Site "Belfort FRA"]
[Date "2005.07.28"]
[Round "9.1"]
[White "Pap, Gyula"]
[Black "Boychev, Mariyan"]
[Result "0-1"]
[WhiteElo "2384"]
[BlackElo "2240"]
[PlyCount "68"]
[EventDate "2005.07.19"]
[EventType "swiss"]
[EventRounds "11"]
[EventCountry "FRA"]
[Source "lmi"]
[SourceDate "2005.07.31"]

1. d4 Nf6 2. c4 e6 3. Nc3 Bb4 4. e3 b6 5. Bd3 Bb7 6. Nf3 Bxc3+ 7. bxc3 d6 8.
O-O Nbd7 9. Nd2 e5 10. e4 Qe7 11. Re1 c5 12. Nf1 exd4 13. cxd4 cxd4 14. Bb2 Ne5
15. Bxd4 O-O 16. Ng3 Qe6 17. f4 Nxd3 18. Qxd3 Rac8 19. Rac1 Rfe8 20. f5 Qe7 21.
Qd2 h6 22. Rc3 Kf8 23. a4 Ba6 24. Qa2 Ng4 25. f6 Nxf6 26. Nf5 Qd8 27. Rg3 Rxc4
28. Rxg7 Rxe4 29. Rd1 Rexd4 30. Rxf7+ Kxf7 31. Rxd4 d5 32. Rd1 Kg6 33. Qf2 Kh7
34. Qg3 Ng8 0-1

[Event "Mundial Juvenil 2005 s14"]
[Site "Belfort FRA"]
[Date "2005.07.28"]
[Round "9.2"]
[White "Sandeep, Y."]
[Black "Matlakov, Maxim"]
[Result "0-1"]
[WhiteElo "2189"]
[BlackElo "2399"]
[PlyCount "72"]
[EventDate "2005.07.19"]
[EventType "swiss"]
[EventRounds "11"]
[EventCountry "FRA"]
[Source "lmi"]
[SourceDate "2005.07.31"]

1. Nf3 d5 2. g3 Nf6 3. Bg2 b5 4. d4 e6 5. O-O Bb7 6. Ne5 c5 7. c3 Nbd7 8. Bf4
Nxe5 9. dxe5 Nd7 10. e4 Nb6 11. Qe2 a6 12. Nd2 g5 13. exd5 gxf4 14. dxe6 Bxg2
15. exf7+ Kxf7 16. Qh5+ Kg8 17. Qg4+ Bg7 18. Qe6+ Kf8 19. Qf5+ Ke8 20. Qh5+ Kd7
21. Kxg2 Kc7 22. Rad1 Qe8 23. Qg4 Qc6+ 24. Kg1 Bh6 25. Nb3 Nc4 26. e6 fxg3 27.
hxg3 Kb6 28. Qh5 Bf4 29. Rd5 Bd6 30. Rfd1 Rae8 31. Qh3 Bf8 32. Rd8 Rxe6 33.
Rb8+ Ka7 34. Rbd8 Ne5 35. Na5 Qe4 36. Qg2 Nf3+ 0-1